| 000 | nam a22 7a 4500 | ||
|---|---|---|---|
| 999 |
_c129416 _d129416 |
||
| 008 | 190423b xxu||||| |||| 00| 0 eng d | ||
| 050 | _aBT122.D4 1975 | ||
| 100 |
_aRosa, Peter De _945857 |
||
| 245 |
_aCome holy spirit: _bthe life of God in the life of men _c/ by Peter De Rossa |
||
| 260 |
_aGlasgow: _bFontana Books, _cc1975. |
||
| 300 |
_a126p. ; _c18cm. |
||
| 942 |
_2lcc _cMONOGRAPH |
||